FUNDAMENTAL OF EDUCATION PSYCHOLOGY (Record no. 18977)

MARC details
000 -LEADER
fixed length control field 00267nam a22001217a 4500
003 - CONTROL NUMBER IDENTIFIER
control field SGT
082 ## - DEWEY DECIMAL CLASSIFICATION NUMBER
Classification number 150
Item number WOO
100 ## - MAIN ENTRY--PERSONAL NAME
Personal name WOOLFOLD, ANITA
245 ## - TITLE STATEMENT
Title FUNDAMENTAL OF EDUCATION PSYCHOLOGY
260 ## - PUBLICATION, DISTRIBUTION, ETC. (IMPRINT)
Place of publication, distribution, etc DELHI
Name of publisher, distributor, etc PEARSON
Year of Publication 2012
300 ## - PAGE DESCRIPTION
No. of Pages 545
942 ## - ADDED ENTRY ELEMENTS (KOHA)
Source of classification or shelving scheme Dewey Decimal Classification
Koha item type Books
942 ## - ADDED ENTRY ELEMENTS (KOHA)
-- 1
Holdings
Withdrawn status Lost status Source of classification or shelving scheme Damaged status Not for loan Collection code Home library Current library Date acquired Cost, normal purchase price SGTU Total Checkouts Full call number Accession No. (Barcode) Date last seen Date last borrowed Bill Date Koha item type
    Dewey Decimal Classification     EDUCATION SGT Engineering Library SGT Engineering Library 31/08/2019 519.00 SGTU 1 150 WOO ED4376 16/02/2022 22/12/2021 31/08/2019 Books
    Dewey Decimal Classification     EDUCATION SGT Engineering Library SGT Engineering Library 31/08/2019 519.00 SGTU   150 WOO ED4377 31/08/2019   31/08/2019 Books